Multiple Choice Company Slogans Quiz Stats

 Plays Quiz Updated Oct 6, 2016

Challenge
Share
Tweet
Embed
Score 0/20 Timer 05:00
23 Plays Today
Question Answer Wrong Answers
Finger Lickin’ Good KFC
94.4%
Popeyes
3.8%
Chick-fil-A
1%
Boston Market
0.4%
They're Gr-r-reat! Frosted Flakes
91.7%
Life
0.9%
Total
0.8%
Shredded Wheat
1.6%
Taste The Rainbow Skittles
90.9%
Smarties
1.4%
Starburst
4.4%
Sour Patch Kids
0.7%
What’s In Your Wallet? Capital One
83.8%
Citibank
9.2%
HSBC
3.9%
TD Bank
2.1%
Pizza! Pizza! Little Caesars
79.8%
Pizza Hut
6.1%
Papa John's
7.3%
Domino's
3.6%
So Easy a Caveman Can Do It GEICO
74.3%
State Farm
8.2%
MetLife
8.6%
Aflac
5.7%
Let's Go Places Toyota
64.4%
Aston Martin
4.6%
Lincoln
7.8%
Honda
20.6%
We’ll leave the light on for you Motel 6
63.5%
Quality Inn
13.1%
Red Carpet Inn
5.1%
Super 8
13.8%
Quality Is Our Recipe Wendy's
60.3%
Burger King
6.3%
White Castle
24.6%
McDonald's
3%
Don’t Leave Home Without It American Express
57.1%
Visa
14.9%
MasterCard
19.2%
Discover
8.2%
All the News That's Fit to Print The New York Times
56.9%
The Wall Street Journal
12.6%
The Washington Post
9.8%
USA Today
16.6%
Good to the Last Drop Maxwell House
55.6%
Folgers
23.6%
Nescafé
14.5%
Chock full o'Nuts
2.3%
Cleans a Man Up Right Irish Spring
54.3%
Lever 2000
17.2%
Zest
16%
Ivory
7%
Is it in you? Gatorade
50.8%
Monster Energy
16.3%
Red Bull
9.9%
POWERADE
21.1%
Impossible is nothing adidas
48.7%
Nike
24.4%
Fila
18.5%
Keds
4.8%
Obey Your Thirst Sprite
48.5%
7UP
27%
Pepsi
7.2%
Dr Pepper
12.5%
Betcha Can’t Eat Just One Lay’s
43.7%
Ruffles
5.5%
Pringles
39.6%
Doritos
6.3%
Now that's positivenergy Energizer
37%
Duracell
37.2%
DieHard
15.3%
FujiFilm
5.7%
Love, Sleep & Play Pampers
34.1%
Depend
4.5%
Huggies
31.8%
Luvs
24%
Probably The Best Beer In The World Carlsberg
30.5%
Guinness
24.4%
Beck's
10.6%
Heineken
32.1%

You're not logged in!

Compare scores with friends on all Sporcle quizzes.
OR
Log In

You Might Also Like...

Show Comments

Extras

Top Quizzes Today


Score Distribution

Your Account Isn't Verified!

In order to create a playlist on Sporcle, you need to verify the email address you used during registration. Go to your Sporcle Settings to finish the process.

Report this User

Report this user for behavior that violates our Community Guidelines.

Details: